|
|
|
|
| LEADER |
00000cam a2200000 4500 |
| 001 |
vtls012074243 |
| 003 |
SK-MaSNL |
| 005 |
20260301054811.0 |
| 008 |
211020s2021 xo g 011 0 slo |
| 015 |
|
|
|a SNBA2025/02
|
| 020 |
|
|
|a 9788089763672
|q (brožované)
|
| 040 |
|
|
|a SNK
|b slo
|c SNK
|e rda
|
| 041 |
0 |
|
|a slo
|b eng
|
| 044 |
|
|
|a xo
|c SK
|
| 072 |
|
7 |
|a 821.162.4.09
|x Slovenská literatúra (o nej)
|2 konspekt
|
| 072 |
|
7 |
|a 82.0
|x Literatúra (teória)
|2 konspekt
|
| 080 |
|
|
|a 821.162.4-3
|2 2011
|
| 080 |
|
|
|a 821.162.4-051
|2 2011
|
| 080 |
|
|
|a 82.05/.07
|2 2011
|
| 080 |
|
|
|a 82.0
|2 2011
|
| 080 |
|
|
|a (048.8)
|2 2011
|
| 100 |
1 |
|
|a Součková, Marta,
|d 1963-
|4 aut
|9 13337
|
| 245 |
1 |
0 |
|a P/r/ózy po roku 2000
|c Marta Součková
|
| 246 |
3 |
0 |
|a Prózy po roku 2000
|
| 250 |
|
|
|a Vydanie prvé
|
| 264 |
|
1 |
|a Fintice
|b FACE - Fórum alternatívnej kultúry a vzdelávania
|c 2021
|
| 300 |
|
|
|a 216 strán
|c 24 cm
|
| 336 |
|
|
|a text
|b txt
|2 rdacontent
|
| 337 |
|
|
|a bez média
|b n
|2 rdamedia
|
| 338 |
|
|
|a zväzok
|b nc
|2 rdacarrier
|
| 366 |
|
|
|e 400 kusov
|
| 490 |
1 |
|
|a Monolit
|
| 500 |
|
|
|a Obsahuje biografické údaje o autorke na prebale knihy
|
| 500 |
|
|
|a Vydané v spolupráci s Filozofickou fakultou Prešovskej univerzity v Prešove
|
| 504 |
|
|
|a Obsahuje bibliografické odkazy, edičnú poznámku a menný register
|
| 546 |
|
|
|a Anglické resumé
|
| 648 |
|
7 |
|a 2000
|2 SNKPH
|9 295137
|
| 650 |
0 |
7 |
|a slovenská próza
|2 SNKPH
|9 1206
|
| 650 |
0 |
7 |
|a slovenskí spisovatelia
|2 SNKPH
|9 1258
|
| 650 |
0 |
7 |
|a intertextualita
|2 SNKPH
|9 71406
|
| 650 |
0 |
7 |
|a literárna veda
|2 SNKPH
|9 1137
|
| 650 |
0 |
7 |
|a Slovak prose
|2 SNKPHeng
|9 325779
|
| 650 |
0 |
7 |
|a Slovak authors
|2 SNKPHeng
|9 268018
|
| 650 |
0 |
7 |
|a Intertextuality
|2 SNKPHeng
|9 277996
|
| 650 |
0 |
7 |
|a Literary studies
|2 SNKPHeng
|9 265625
|
| 655 |
|
7 |
|a monografie
|2 SNKPH
|9 70139
|
| 655 |
|
7 |
|a Monographs
|2 SNKPHeng
|9 120675
|
| 710 |
2 |
|
|a Prešovská univerzita v Prešove.
|b Filozofická fakulta
|4 pbl
|9 179573
|
| 830 |
|
0 |
|a Monolit
|9 330981
|
| 852 |
|
|
|a Slovenská národná knižnica
|
| 919 |
|
|
|a 978-80-89763-67-2
|
| 954 |
|
|
|a odborná, vedecká literatúra pôvodná (slovenská)
|2 lita
|
| 958 |
|
|
|a NB
|
| 958 |
|
|
|a LX
|
| 999 |
|
|
|c 611821
|d 613751
|
| 952 |
|
|
|a SNK
|b SNK
|y PREZ
|7 0
|p 17A1467962
|o snkSC 195047
|i snk2021/16841
|8 0
|0 0
|1 0
|4 0
|d 2021-10-29
|l 0
|r 2025-10-15 00:00:00
|w 2026-02-23
|
| 952 |
|
|
|a SNK
|b SNK
|y VYP
|7 0
|p 17A1467963
|o snkSC 195047 D1
|i snk2021/16842
|8 0
|0 0
|1 0
|4 0
|d 2021-10-29
|l 0
|r 2026-02-23 16:26:25
|w 2026-02-23
|